000 00716nam a2200205 u 4500
001 000003369
005 20200929150426.0
008 090707s1966 dr r 000 0 spa d
040 _aDO-SdBNP
082 _a342.02
_bR426c, 1966
110 1 _aRepública Dominicana.
_9447
240 1 0 _aConstitución
245 1 0 _aConstitución de la República Dominicana del 28 de noviembre de 1966.
260 _aSanto Domingo :
_b[s.n],
_c1966.
_fImpresora Corporan
300 _a64 p. ;
_c22 cm.
500 _aConstitución publicada en la Gaceta Oficial número 9014 del 29 de noviembre de 1966.
651 4 _aRepública Dominicana
_xConstitución
_y1966
_910532
710 2 _aGrupo Financiero Popular
_910533
049 _aBNPD
999 _c3199
_d3199